000 00288nam a2200097Ia 4500
008 220204s9999 xx 000 0 und d
082 _a35(058)(595)
_bMAL.2
245 0 _aFederation of Malaya: official year book. 1962. V 2
260 _aKuala Lumpur
_bFederation Of Malaya
_c1962
942 _cBK
999 _c19316
_d19316